Juventus FC Squad 2023-2024 - Statistics

General Stats
  • This quiz has been taken 541 times
    302 since last reset
  • The average score is 22 of 27
Answer Stats
# Position Nation Player % Correct
9 FW Serbia Dušan Vlahović
97%
3 DF Brazil Bremer
95%
7 FW Italy Federico Chiesa
94%
6 DF Brazil Danilo
92%
16 MF United States Weston McKennie
92%
14 FW Poland Arkadiusz Milik
91%
12 DF Brazil Alex Sandro
89%
11 MF Serbia Filip Kostić
88%
1 GK Poland Wojciech Szczęsny
88%
15 FW Turkey Kenan Yıldız
86%
4 DF Italy Federico Gatti
85%
22 FW United States Timothy Weah
85%
5 MF Italy Manuel Locatelli
84%
36 GK Italy Mattia Perin
84%
25 MF France Adrien Rabiot
83%
- Coach Italy Massimiliano Allegri
83%
24 DF Italy Daniele Rugani
78%
2 DF Italy Mattia De Sciglio
77%
18 FW Italy Moise Kean
77%
17 FW England Samuel Iling-Junior
76%
21 MF Italy Nicolò Fagioli
73%
23 GK Italy Carlo Pinsoglio
72%
20 MF Italy Fabio Miretti
72%
27 DF Italy Andrea Cambiaso
63%
33 DF Portugal Tiago Djaló
63%
26 MF Argentina Carlos Alcaraz
56%
41 MF Italy Hans Nicolussi Caviglia
47%
No matching quizzes found
Score Distribution
Percent of People with Each Score
Percentile by Number Answered
Your Score History
You have not taken this quiz since the last reset